Southville International School and Colleges
Your cart is empty.
  • Cart
  • Lists
    Public lists Eva Luna New books Lux_list list_1
    Your lists Log in to create your own lists
  • Log in to your account
  • Your cookies
  • Search history
Southville International School and Colleges
  • Advanced search
  • Recent comments
  • Most popular
  • Libraries

Log in to your account

Log in with GOOGLE


If you do not have an external account, but do have a local account, you can still log in:

  1. Home
  2. MARC view: Real world training evaluation :
Normal view MARC view ISBD view

Real world training evaluation : (Record no. 305181)

[ view plain ]
MARC details
000 -LEADER
fixed length control field 01405cam a2200397 i 4500
001 - CONTROL NUMBER
control field 18801962
003 - CONTROL NUMBER IDENTIFIER
control field SISC
005 - DATE AND TIME OF LATEST TRANSACTION
control field 20161108082853.0
008 - FIXED-LENGTH DATA ELEMENTS--GENERAL INFORMATION
fixed length control field 150928s2015 vaua b 001 0 eng d
010 ## - LIBRARY OF CONGRESS CONTROL NUMBER
LC control number 2015953307
020 ## - INTERNATIONAL STANDARD BOOK NUMBER
International Standard Book Number 9781562869076
020 ## - INTERNATIONAL STANDARD BOOK NUMBER
International Standard Book Number 1562869078
035 ## - SYSTEM CONTROL NUMBER
System control number (OCoLC)ocn919859817
040 ## - CATALOGING SOURCE
Original cataloging agency YDXCP
Language of cataloging eng
Transcribing agency YDXCP
Description conventions rda
Modifying agency BTCTA
-- OCLCQ
-- IG$
-- OCLCO
-- OCLCF
-- OCLCO
-- DLC
042 ## - AUTHENTICATION CODE
Authentication code lccopycat
050 00 - LIBRARY OF CONGRESS CALL NUMBER
Classification number HF 5549.5.T7
Item number .P4367 2016
082 04 - DEWEY DECIMAL CLASSIFICATION NUMBER
Classification number 658.3/12404
100 1# - MAIN ENTRY--PERSONAL NAME
Personal name Phillips, Patricia Pulliam,
Relator term author.
245 10 - TITLE STATEMENT
Title Real world training evaluation :
Remainder of title navigating common constraints for exceptional results /
Statement of responsibility, etc Patricia Pulliam Phillips and Jack J. Phillips.
260 ## - PUBLICATION, DISTRIBUTION, ETC. (IMPRINT)
Place of publication, distribution, etc USA :
Name of publisher, distributor, etc ATD Press,
Date of publication, distribution, etc 2016.
300 ## - PHYSICAL DESCRIPTION
Extent x, 178 pages :
Other physical details illustrations ;
Dimensions 25 cm
500 ## - GENERAL NOTE
General note Includes bibliographical references and index.
650 #0 - SUBJECT ADDED ENTRY--TOPICAL TERM
Topical term or geographic name as entry element Employees
General subdivision Training of
-- Evaluation.
650 #0 - SUBJECT ADDED ENTRY--TOPICAL TERM
Topical term or geographic name as entry element Human capital.
650 #0 - SUBJECT ADDED ENTRY--TOPICAL TERM
Topical term or geographic name as entry element Rate of return.
650 #0 - SUBJECT ADDED ENTRY--TOPICAL TERM
Topical term or geographic name as entry element Project management.
650 #7 - SUBJECT ADDED ENTRY--TOPICAL TERM
Topical term or geographic name as entry element Employees
General subdivision Training of
-- Evaluation.
Source of heading or term fast
650 #7 - SUBJECT ADDED ENTRY--TOPICAL TERM
Topical term or geographic name as entry element Human capital.
Source of heading or term fast
650 #7 - SUBJECT ADDED ENTRY--TOPICAL TERM
Topical term or geographic name as entry element Project management.
Source of heading or term fast
650 #7 - SUBJECT ADDED ENTRY--TOPICAL TERM
Topical term or geographic name as entry element Rate of return.
Source of heading or term fast
700 1# - ADDED ENTRY--PERSONAL NAME
Personal name Phillips, Jack J.,
Dates associated with a name 1945-
Relator term author.
906 ## - LOCAL DATA ELEMENT F, LDF (RLIN)
a 7
b cbc
c copycat
d 2
e ncip
f 20
g y-gencatlg
942 ## - ADDED ENTRY ELEMENTS (KOHA)
Source of classification or shelving scheme Library of Congress Classification
Koha item type Books
Holdings
Withdrawn status Lost status Source of classification or shelving scheme Damaged status Home library Current library Shelving location Date acquired Source of acquisition Cost, normal purchase price Sub Shelving location Total Checkouts Full call number Barcode Date last seen Price effective from Koha item type
    Library of Congress Classification   College Library College Library Graduate Section 11/08/2016 Library Fund 2546.00     HF 5549.5.T7 .P4367 2016 C20750 05/15/2018 11/08/2016 Books

Real world training evaluation :

APA

Phillips P. P., Phillips J. J., . (2016). Real world training evaluation. USA: ATD Press.

Chicago

Phillips Patricia Pulliam, Phillips Jack J, . 2016. Real world training evaluation. USA: ATD Press.

Harvard

Phillips P. P., Phillips J. J., . (2016). Real world training evaluation. USA: ATD Press.

MLA

Phillips Patricia Pulliam, Phillips Jack J, . Real world training evaluation. USA: ATD Press. 2016.

  • Place hold
  • Print
  • Cite
  • Add to your cart (remove)
  • Save record
    BIBTEX Dublin Core MARCXML MARC (non-Unicode/MARC-8) MARC (Unicode/UTF-8) MARC (Unicode/UTF-8, Standard) MODS (XML) RIS
  • More searches
    Search for this title in:
    Other Libraries (WorldCat) Other Databases (Google Scholar) Online Stores (Bookfinder.com) Open Library (openlibrary.org)

Exporting to Dublin Core...

SOUTHVILLE LIBRARY

Southville International School and Colleges Library

1281 Tropical Ave. Cor. Luxembourg St., BF Homes International, Las Pinas City

Tel. No. 8256374 / 252358 Loc. 117/146

Powered by Koha